书目信息 |
| 题名: |
数值计算方法
|
|
| 作者: | 李乃成 , 邓建中 编 | |
| 分册: | ||
| 出版信息: | 西安 西安交通大学出版社 2002.11 |
|
| 页数: | 164页 | |
| 开本: | 23cm | |
| 丛书名: | ||
| 单 册: | ||
| 中图分类: | O241 | |
| 科图分类: | ||
| 主题词: | 计算数学 | |
| 电子资源: | ||
| ISBN: | 7-5605-1577-0 | |
| 000 | 00598nam0 2200205 45 | |
| 001 | 0454033183 | |
| 005 | 2004042815002943 | |
| 010 | @a7-5605-1577-0@dCNY 15.00 | |
| 100 | @a20040428d2002 km y0chiy0120 ea | |
| 101 | 0 | @achi |
| 102 | @aCN@b610000 | |
| 200 | 1 | @a数值计算方法@AShu Zhi Ji Suan Fang Fa@f李乃成,邓建中编@FLi Nai Cheng,Deng Jian Zhong Bian |
| 210 | @a西安@c西安交通大学出版社@d2002.11 | |
| 215 | @a164页@d23cm | |
| 606 | 0 | @a计算数学 |
| 690 | @aO241@v3 | |
| 701 | 0 | @a李乃成@ALi Nai Cheng@4编 |
| 701 | 0 | @a邓建中@ADeng Jian Zhong@4编 |
| 801 | 0 | @aCN@bPFT@c20040428 |
| 905 | @dO241@eL220 | |
| 数值计算方法/李乃成,邓建中编.-西安:西安交通大学出版社,2002.11 |
| 164页;23cm |
| ISBN 7-5605-1577-0:CNY 15.00 |
| ● |
| 相关链接 |
|
|
|
正题名:数值计算方法
索取号:O241/L220
 
预约/预借
| 序号 | 登录号 | 条形码 | 馆藏地/架位号 | 状态 | 备注 |
| 1 | 382424 | 203824246 | 自科库401/401自科库 49排2列1层/ [索取号:O241/L220] | 在馆 | |
| 2 | 382425 | 203824255 | 自科库401/401自科库 49排2列1层/ [索取号:O241/L220] | 在馆 | |
| 3 | 382955 | 203829553 | 自科库401/401自科库 49排2列1层/ [索取号:O241/L220] | 在馆 |